Statistiques concernant Culture Générale - Série 1005

Cliquez ici pour prendre le quiz!

Statistiques générales

  • Ce quiz a été pris 45 fois
  • Le résultat moyen est 6 sur 10

Statistiques - réponses

Question Réponse % Correct
Selon l'expression, quel organe du corps humain a-t-on "bien pendue" quand on est bavard ?langue
98%
Quel verbe, dérivé du nom d'un légume, est un synonyme familier de "attendre" ?poireauter
88%
Quel fruit sec peut être de Corinthe, de Smyrne ou de Malaga ?raisin
88%
En cas de découvert sur un compte, une banque peut prélever des frais appelés...agios
79%
Quelle icône des années 60 a chanté "La Madrague" en 1963 ?Brigitte Bardot
69%
De quel écrivain tchèque sont les oeuvres inachevées : "Le Procès" et "Le Château" ?Franz Kafka
50%
En bricolage, la lime ronde, fine et pointue est appelée "queue-de-...rat
45%
En 1983, à quelle chanteuse doit-on le tube "Juste une mise au point" ?Jakie Quartz
43%
Dans quelle série télévisée retrouve-t-on les familles Marci, Torres et Frémont ?Plus belle la vie
40%
Quel homme politique fut le deuxième président des États-Unis ?John Adams
31%

Distribution des résultats

Percentile par nombre de réponses

% des personnes avec chaque résultat

Votre développement - résultats

Vous n’avez pas pris ce quiz